000 00549nam a2200181Ia 4500
001 65988
008 230711n2019 ii |||gr||||Z||||||465
082 _a181.47
100 _aUpadhyaya,Vachaspati.,
_eAuthor.
245 0 _aArtha-samgraha of laugaksi bhaskara
_cVachaspati Upadhyaya
_hTextual Documents
260 _aVaranasi
_bCHAUKHAMBHA PUBLISHERS
_c2019
300 _axii;218p.:
_c22cm.
653 _aSanskrit
653 _aArtha-samgraha of laugaksi bhaskara
653 _aA Manual on Purva-Mimamsa
653 _aP.G Sanskrit
942 _2ddc
_cBK
999 _c67081
_d67081